Normal view MARC view
  • Capitalism

Entry Topical Term

Number of records used in: 2

001 - CONTROL NUMBER

  • control field: 10525

003 - CONTROL NUMBER IDENTIFIER

  • control field: NUST

005 - DATE AND TIME OF LATEST TRANSACTION

  • control field: 20180526055156.0

008 - FIXED-LENGTH DATA ELEMENTS

  • fixed length control field: 180526|| aca||aabn | a|a d

040 ## - CATALOGING SOURCE

  • Original cataloging agency: NUST
  • Transcribing agency: NUST

150 ## - HEADING--TOPICAL TERM

  • Topical term or geographic name entry element: Capitalism
  • General subdivision: Religious aspects
  • General subdivision: Islam.

670 ## - SOURCE DATA FOUND

  • Source citation: Work cat.: (NUST)0: Koehler, Benedikt. 10524, Early Islam and the birth of capitalism /
© 2023 Central Library, National University of Sciences and Technology. All Rights Reserved.